000 00958nam a22003017a 4500
005 20101227151343.0
008 101227t xxu||||| |||| 00| 0 eng d
010 _aENG-101876
020 _a9780070700888
_c395.00
020 _a0070700885
_c395.00
035 _aEN-85409
037 _bDBAD/PUB
040 _adpl
_bEng
082 _a658.4012
100 _925104
_aRay, Rajesh
245 _aEnterprise resource planning :
_cby Rajesh Ray
_btext and cases /
260 _aNew Delhi
_bTata McGraw Hill
_c2011
270 _a7 West Patel Nagar
_bNew Delhi
_e110008
300 _axvii, 602 p. :
_c24cm (pbk)
_bill.
500 _aIncludes index
650 _925107
650 _925108
650 _925109
650 _925112
700 _925105
942 _2ddc
_cEN
_h658.4012
_mRAY
999 _c49555
_d49555